60 Second Blitz: Annual Class Quiz Stats

Quiz not verified by Sporcle

Also try: Which Baldwin?
Challenge
Share
Tweet
Embed
Score 0/18 Timer 01:00
0 Plays Today
Name % Correct
Ivy Ho
83.3%
Jessica Kuk
77.8%
Yvonne Lee
72.2%
Hui Hong Lin
72.2%
In Hye Lee
72.2%
Siena Tan
72.2%
Jeanie Lim
72.2%
Lori Lai
72.2%
Shiaoshiao Chen
72.2%
Name % Correct
Ming Wong
66.7%
Paul Stanley
66.7%
Susannah Yip
61.1%
Corinne Dy
61.1%
Samson Tam
61.1%
Shikha Khurana
55.6%
Leanna Cheung
50%
Rachel Kim
44.4%
Jasper Chan
38.9%

You're not logged in!

Compare scores with friends on all Sporcle quizzes.
Sign Up with Email
OR
Log In

You Might Also Like...

Show Comments

Extras

Top Quizzes Today


Score Distribution

Your Account Isn't Verified!

In order to create a playlist on Sporcle, you need to verify the email address you used during registration. Go to your Sporcle Settings to finish the process.

Report this User

Report this user for behavior that violates our Community Guidelines.

Details: